| 000 | 00686cam a22002054a 4500 | ||
|---|---|---|---|
| 020 | _a9789251058855 | ||
| 020 | _a9251058857 | ||
| 040 | _cDLC | ||
| 082 | _a341 FOO 2007 A019 Or. | ||
| 100 | 1 | _aMosoti, Victor. | |
| 245 | 1 | 0 |
_aInternational trade rules and the agriculture sector : _bselected implementation issues / |
| 260 |
_aRome : _bFood and Agriculture Organization of the United Nations, _c2007. |
||
| 300 |
_aviii, 429 p. ; _c24 cm. |
||
| 490 | 0 | _aFAO legislative study, | |
| 650 | 0 | _aForeign trade regulation. | |
| 650 | 0 | _aAgricultural laws and legislation. | |
| 700 | 1 | _aGobena, Ambra. | |
| 856 | 4 | 1 | _uhttp://www.loc.gov/catdir/toc/fy0804/2008372760.html |
| 942 | _cEK | ||
| 999 |
_c12232 _d12232 |
||